000
00198 a2200097 4500
020
_a
9781422606094
041
_a
eng
100
_a
Jungreis, Rebbetzin Esther
245
_a
Life is a test
942
_c
BK
999
_c
31098
_d
31096